=LDR 00000nam 2200000 4500 =001 INLIS000000000030140 =005 20130612132319 =008 ***********************************ind** =035 ##$$0010-061300000030140 =041 ##$$a ind =082 ##$$a 521.381 =090 ##$$a 521.381, SUR k =100 ##$$a Suryanto =245 ##$$a Kiat memilih dan membeli komputer, Suryanto =260 ##$$a 1994 $b Jakarta =300 ##$$a 92 hlm., ilus., 19 cm =650 ##$$a Membeli Komputer =850 ##$$a NBPNMAT